|
|
|
|
| LEADER |
00000cam a2200000 a 4500 |
| 001 |
vtls010188728 |
| 003 |
SK-MaSNL |
| 005 |
20260425235636.0 |
| 008 |
180809s2010 xo o f 100 0 slo |
| 015 |
|
|
|a SNBA2011/02-00733
|
| 020 |
|
|
|a 9788022329163
|q (brož.)
|
| 035 |
|
|
|a F5E1C8AB-9681-4C55-8691-C6A8D98DF3EA
|
| 035 |
|
|
|a urn:nbn:sk:snk-aml3i3
|
| 035 |
|
|
|a urn:nbn:sk:snk-am008k1x
|
| 040 |
|
|
|a SNK
|b slo
|c SNK
|e AACR2
|
| 041 |
0 |
|
|a slo
|a ger
|b slo
|
| 043 |
|
|
|a e-xo---
|
| 044 |
|
|
|a xo
|c SK
|
| 072 |
|
7 |
|a 374
|x Výchova a vzdelávanie dospelých. Mimoškolská výchova a vzdelávanie
|2 konspekt
|
| 080 |
|
|
|a 374.72
|2 2001
|
| 080 |
|
|
|a 374.7-053.9
|2 2001
|
| 080 |
|
|
|a (437.6)
|2 2001
|
| 080 |
|
|
|a (062.534)
|2 2001
|
| 080 |
|
|
|a 37.013.83-053.9
|2 2001
|
| 245 |
0 |
0 |
|a Dvadsať rokov univerzitného vzdelávania seniorov na Slovensku
|b zborník z medzinárodnej konferencie konanej dňa 7. októbra 2010 k 20. výročiu univerzít tretieho veku na Slovensku
|c [zostavovateľ Nadežda Hrapková]
|
| 250 |
|
|
|a [1. vyd.]
|
| 260 |
|
|
|a Bratislava
|b Univerzita Komenského
|c 2010
|
| 300 |
|
|
|a 101 s.
|b grafy, ilustr., sch., tab.
|c 20 cm
|
| 366 |
|
|
|e 400 výt.
|
| 504 |
|
|
|a Bibliogr. odakzy
|
| 546 |
|
|
|a Text aj nem. Res. slov.
|
| 648 |
|
7 |
|a 1990-2010
|2 SVKBBPH
|9 325771
|
| 650 |
0 |
7 |
|a univerzity tretieho veku
|2 SNKPH
|9 17473
|
| 650 |
0 |
7 |
|a gerontopedagogika
|2 SNKPH
|9 71656
|
| 650 |
0 |
7 |
|a Free universities
|2 SNKPHeng
|9 268408
|
| 650 |
0 |
7 |
|a Older adult education
|2 SNKPHeng
|9 319759
|
| 650 |
0 |
7 |
|a vzdelávanie seniorov
|2 SNKPH
|9 237826
|
| 650 |
0 |
7 |
|a Gerontagogy
|2 SNKPHeng
|9 403697
|
| 651 |
|
7 |
|a Slovensko
|2 SNKPH
|9 14231
|
| 651 |
|
7 |
|a Slovakia
|2 SNKPHeng
|9 92630
|
| 655 |
|
7 |
|a zborníky konferencií
|2 SNKPH
|9 70153
|
| 655 |
|
7 |
|a Proceedings of conferences
|2 SNKPHeng
|9 265791
|
| 700 |
1 |
|
|a Hrapková, Nadežda
|4 com
|9 17472
|
| 710 |
2 |
|
|a Univerzita Komenského v Bratislave.
|b Univerzita tretieho veku
|4 pbl
|9 124611
|
| 852 |
|
|
|a Štátna vedecká knižnica v Banskej Bystrici
|
| 919 |
|
|
|a 978-80-223-2916-3
|
| 958 |
|
|
|a OND
|
| 958 |
|
|
|a NB
|
| 968 |
|
|
|d 34
|
| 999 |
|
|
|c 834652
|d 836582
|
| 952 |
|
|
|a SNK
|b SNK
|y PREZ
|7 0
|p 17A0680512
|o snkSC 142860
|i snk2010/25555
|8 0
|0 0
|1 0
|4 0
|d 2010-11-18
|l 0
|r 2025-07-10 00:00:00
|w 2026-02-24
|
| 952 |
|
|
|a SNK
|b SNK
|y VYP
|7 0
|p 17A0680598
|o snkSC 142860 D1
|i snk2010/25556
|8 0
|0 0
|1 0
|4 0
|d 2010-11-18
|f 1
|l 0
|r 2026-02-24 03:50:02
|w 2026-02-24
|